Understanding local environmental concern: The importance of place (Record no. 511984)

000 -LEADER
fixed length control field 00438nam a2200145 4500
008 - FIXED-LENGTH DATA ELEMENTS--GENERAL INFORMATION
fixed length control field 191024b ||||| |||| 00| 0 eng d
100 ## - MAIN ENTRY--PERSONAL NAME
Personal name Armstrong, Andrea
245 ## - TITLE STATEMENT
Title Understanding local environmental concern: The importance of place
260 ## - PUBLICATION, DISTRIBUTION, ETC. (IMPRINT)
Name of publisher, distributor, etc Rural Sociology
300 ## - PHYSICAL DESCRIPTION
Extent 84(1), Mar, 2019: p.93-122.
700 ## - ADDED ENTRY--PERSONAL NAME
Personal name Stedman, Richard C.
9 (RLIN) 12575
773 ## - HOST ITEM ENTRY
Main entry heading Rural Sociology
906 ## - LOCAL DATA ELEMENT F, LDF (RLIN)
Subject DIP Environment
942 ## - ADDED ENTRY ELEMENTS (KOHA)
Source of classification or shelving scheme
Item type Articles
Holdings
Withdrawn status Lost status Source of classification or shelving scheme Damaged status Not for loan Permanent location Current location Date acquired Serial Enumeration / chronology Barcode Date last seen Koha item type
          Indian Institute of Public Administration Indian Institute of Public Administration 2019-10-24 84(1), Mar, 2019: p.93-122. AR121431 2019-10-24 Articles

Powered by Koha